00737 2200265 4500001002100000005001500021035002000036007000300056008004100059020001800100082000800118084001400126100002200140245010000162250001100262260003300273300004100306650002500347700001700372700002200389520002600411520001400437990000900451990001100460INLIS00000000000912020210624105512 a0010-0621000188ta210624 g 0 ind  a979-799-140-7 a728 a728 AND t0 aANDDYS, Firstanty1 a31 Inspirasi Rumah Islami /cAnddys Firstanty, Ade Hidayat; penyunting, Yutika Riefly Vipertiwi acet. 1 aJakarta :bTransmedia,c2010 aviii, 133 hlm. :bilus ;c18 x 24 cm 4aARSITEKTUR PERUMAHAN0 aADE, Hidayat0 aRIELFY, Vipertiwi abibliografi: hlm. 133 aglosarium a8089 a8089 a